00404 2200169 4500001002100000005001500021035002000036007000300056008004100059020001800100082000800118084001800126100002100144245001700165260003600182990001600218INLIS00000000000266520260409111622 a0010-0426000123ta260409 0  a9786231893949 a811 a811 ACE a c.10 aAcep Zamzam Noor1 aAku Kini Doa ayogyakarta :bDIVA Press,c2024 a2026/h/0723